15 największych miast Rosji - Statystyki

Ogólne statystyki
  • Ten quiz został rozwiązany 92 razy
  • Średni wynik to 9 z 15
Statystyki odpowiedzi
Ludność Miasto % Poprawnych
13 010 112 Moskwa
100%
5 601 911 Petersburg
100%
1 308 660 Kazań
81%
1 633 595 Nowosybirsk
71%
1 228 199 Niżny Nowogród
67%
1 544 376 Jekaterynburg
65%
1 142 162 Rostów nad Donem
65%
1 173 299 Samara
61%
1 144 809 Ufa
58%
1 099 344 Krasnodar
52%
1 125 695 Omsk
52%
1 034 002 Perm
51%
1 189 525 Czelabińsk
41%
1 057 681 Woroneż
41%
1 187 771 Krasnojarsk
28%
Nie znaleziono quizów pasujących do podanych kryteriów
Rozkład punktacji
Procent ludzi z każdym wynikiem
Percentyl według liczby udzielonych odpowiedzi
Twoja historia wyników
Nie rozwiązałeś tego quizu